On target living : (Record no. 355523)

000 -LEADER
fixed length control field 02684cam a2200337 i 4500
001 - CONTROL NUMBER
control field 17604649
003 - CONTROL NUMBER IDENTIFIER
control field Nust- CAS-E
005 - DATE AND TIME OF LATEST TRANSACTION
control field 20180118181404.0
008 - FIXED-LENGTH DATA ELEMENTS--GENERAL INFORMATION
fixed length control field 130128s2013 njua 000 0 eng
010 ## - LIBRARY OF CONGRESS CONTROL NUMBER
LC control number 2012049823
020 ## - INTERNATIONAL STANDARD BOOK NUMBER
International Standard Book Number 9781118435298 (pbk.)
040 ## - CATALOGING SOURCE
Original cataloging agency DLC
Language of cataloging eng
Transcribing agency DLC
Description conventions rda
Modifying agency DLC
042 ## - AUTHENTICATION CODE
Authentication code pcc
050 00 - LIBRARY OF CONGRESS CALL NUMBER
Classification number RA776.9
Item number .J64 2013
082 00 - DEWEY DECIMAL CLASSIFICATION NUMBER
Classification number 613
Edition number 23
Author Mark JOH-T 2013
084 ## - OTHER CLASSIFICATION NUMBER
Classification number BUS046000
Number source bisacsh
100 1# - MAIN ENTRY--PERSONAL NAME
Personal name Johnson, Chris,
Dates associated with a name 1957-
245 10 - TITLE STATEMENT
Title On target living :
Remainder of title your guide to a life of balance, energy, and vitality /
Statement of responsibility, etc. Chris Johnson.
300 ## - PHYSICAL DESCRIPTION
Extent xii, 308 pages :
Other physical details illustrations ;
Dimensions 23 cm
502 0# - DISSERTATION NOTE
Dissertation note 0
520 ## - SUMMARY, ETC.
Summary, etc. "Make your company--its employees and its culture--healthier inside and out Energy and wellness are of ever increasing importance. With an increase productivity and job satisfaction that come from a healthier life, now is the time to get healthy. A poor food environment and the demanding pace of modern day life continue to contribute to a downward spiral of health, On Target Living offers focused strategies to achieve positive results. Everyone knows that exercise and physical movement contribute to better health, energy, and performance. The challenge comes with knowing what to do and how to do it. Author Chris Johnson has taught thousands how to live a life in balance, and here he shares his practices with you. Developing healthy eating habits Incorporating exercise into daily routines Prioritizing rest and rejuvenation Learning the keys to living well and applying this knowledge to enhanced performance, increased productivity, and positive results for your life and work The journey to optimal health and performance begins with the ideas in On Target Living. Building sustainable changes into your company culture will decrease health risks and sick days while contributing to higher productivity rates, but these improvements will also contribute to healthier and more enjoyable lives for your employees"--
650 #0 - SUBJECT ADDED ENTRY--TOPICAL TERM
Topical term or geographic name entry element Health behavior
Form subdivision Popular works.
650 #0 - SUBJECT ADDED ENTRY--TOPICAL TERM
Topical term or geographic name entry element Health promotion
Form subdivision Popular works.
650 #0 - SUBJECT ADDED ENTRY--TOPICAL TERM
Topical term or geographic name entry element Industrial hygiene
Form subdivision Popular works.
650 #7 - SUBJECT ADDED ENTRY--TOPICAL TERM
Topical term or geographic name entry element BUSINESS & ECONOMICS / Motivational.
Source of heading or term bisacsh
776 08 - ADDITIONAL PHYSICAL FORM ENTRY
Relationship information Online version:
Main entry heading Johnson, Chris, 1957-
Title On target living
Place, publisher, and date of publication Hoboken. New Jersey : John Wiley & Sons, Inc., [2013]
International Standard Book Number 9781118632970
Record control number (DLC) 2013004310
856 42 - ELECTRONIC LOCATION AND ACCESS
Materials specified Cover image
Uniform Resource Identifier <a href="http://catalogimages.wiley.com/images/db/jimages/9781118435298.jpg">http://catalogimages.wiley.com/images/db/jimages/9781118435298.jpg</a>
906 ## - LOCAL DATA ELEMENT F, LDF (RLIN)
a 7
b cbc
c orignew
d 1
e ecip
f 20
g y-gencatlg
942 ## - ADDED ENTRY ELEMENTS (KOHA)
Source of classification or shelving scheme
Koha item type Book
Holdings
Withdrawn status Lost status Source of classification or shelving scheme Damaged status Not for loan Collection code Permanent Location Current Location Shelving location Date acquired Source of acquisition Cost, normal purchase price Total Checkouts Full call number Barcode Date last seen Price effective from Koha item type
            US-Pakistan Center for Advanced Studies in Energy (USPCAS-E) US-Pakistan Center for Advanced Studies in Energy (USPCAS-E)   10/26/2015 Multiline Books 1701.00   613 JOH-T 2013 CAS-E0000680 10/26/2015 10/26/2015 Book
© 2023 Central Library, National University of Sciences and Technology. All Rights Reserved.